Maloobchod na Slovensku v období centrálně plánované ekonomiky

Trendy vývoja maloobchodnej siete na Slovensku. Počty a štruktúra predajní. Maloobchodný obrat. Počty pracovníkov. Charakter práce v obchodnej prevádzke.

Salvato in:
Dettagli Bibliografici
Autore principale: Starzyczná, Halina
Natura: Capitolo di libro
Lingua:ceco
Soggetti:
Tags: Aggiungi Tag
Nessun Tag, puoi essere il primo ad aggiungerne!!

MARC

LEADER 00000naa$a2200000$$$4500
001 0027614
005 20231017065615.5
041 0 |a cze 
044 |a CZ 
245 1 0 |a Maloobchod na Slovensku v období centrálně plánované ekonomiky  |c Halina Starzyczná 
520 |a Trendy vývoja maloobchodnej siete na Slovensku. Počty a štruktúra predajní. Maloobchodný obrat. Počty pracovníkov. Charakter práce v obchodnej prevádzke. 
610 2 0 |a maloobchod 
610 2 0 |a Slovensko 
610 2 0 |a predajne 
610 2 0 |a riadenie administratívne 
610 2 0 |a počet pracovníkov 
610 2 0 |a obchod vnútorný 
100 1 |a Starzyczná, Halina